000 00255nam a2200109Ia 4500
008 220120s9999||||xx |||||||||||||| ||und||
082 _a005.1 KUM
100 _aKumar's
245 0 _aComputer concepts and C programming
260 _bBelagaum
300 _b0
999 _c136382
_d136382